|
|
|
|
| LEADER |
00000nab a2200000 a 4500 |
| 001 |
vtls000754377 |
| 003 |
SK-MaSNL |
| 005 |
20260304110009.0 |
| 008 |
250429c2001 xo 0 slo |
| 015 |
|
|
|a SNBRB2001/04-12786
|
| 035 |
|
|
|a CLN000106164
|
| 035 |
|
|
|a urn:nbn:sk:snk-ablnv
|
| 035 |
|
|
|a (urnnbn)urn:nbn:sk:snk:ar-a03s2v
|
| 035 |
|
|
|a (uuid)bec81279-1a35-49ad-b55a-5580c55dfa8b
|
| 040 |
|
|
|a SNKBUCL
|b slo
|c SNKBUCL
|e AACR2
|
| 041 |
0 |
|
|a eng
|
| 044 |
|
|
|a xo
|c SK
|
| 080 |
|
|
|a 621.315.616.015.5:537.52
|2 1997
|
| 080 |
|
|
|a 537.52
|2 1997
|
| 100 |
1 |
|
|a Danikas, Michael G.,
|d 1957-
|4 aut
|9 1400995
|
| 245 |
1 |
0 |
|a Partial discharge behaviour of two (or more) adjacent cavities in polyethylene samples
|c Michael G. Danikas
|
| 300 |
|
|
|b Grafy, sch., tab.
|
| 504 |
|
|
|a Res. angl.
|
| 504 |
|
|
|a Bibliogr. odkazy
|
| 504 |
|
|
|a Biogr. údaje
|
| 650 |
0 |
7 |
|a elektrická izolácia
|2 snkbucl
|9 51358
|
| 650 |
0 |
7 |
|a výboje čiastkové
|2 snkbucl
|9 925266
|
| 650 |
0 |
7 |
|a polyetylén
|2 snkbucl
|9 17139
|
| 655 |
|
7 |
|a články z novín a časopisov
|2 snkbucl
|9 267496
|
| 773 |
0 |
|
|t Journal of electrical engineering
|g Roč. 52, č. 1-2 (2001), s. 36-39
|x 1335-3632
|
| 850 |
|
|
|a Slovenská národná knižnica
|
| 852 |
|
|
|a Slovenská národná knižnica
|
| 958 |
|
|
|a article27
|
| 958 |
|
|
|a NB
|
| 958 |
|
|
|a OND
|
| 958 |
|
|
|a EUIPO
|
| 999 |
|
|
|c 2858066
|d 2859996
|